[Event "First Saturday 2010 julius FM-A"]
[Site "Budapest"]
[Date "2010.07.03"]
[Round "1"]
[White "Mayer, Istvan"]
[Black "Borda, Lajos"]
[Result "1/2-1/2"]
[WhiteElo "2120"]
[BlackElo "2085"]
[PlyCount "26"]
[EventDate "2010.07.03"]

1. e4 e6 2. d4 d5 3. e5 c5 4. c3 Nc6 5. Nf3 Qb6 6. Be2 Bd7 7. O-O Rc8 8. Re1
cxd4 9. cxd4 Nge7 10. Nc3 Ng6 11. a3 a5 12. h4 h5 13. Be3 Nge7 1/2-1/2

[Event "First Saturday 2010 julius FM-A"]
[Site "Budapest"]
[Date "2010.07.03"]
[Round "1"]
[White "Kalmar, Karoly"]
[Black "Kis, Bela"]
[Result "1-0"]
[WhiteElo "1993"]
[BlackElo "2087"]
[PlyCount "81"]
[EventDate "2010.07.03"]

1. e4 e5 2. Nf3 Nc6 3. Be2 Nf6 4. d3 d5 5. Nbd2 Bc5 6. O-O b6 7. c3 Bb7 8. b4
Bd6 9. a3 O-O 10. Qc2 Ne7 11. Re1 Ng6 12. g3 Qd7 13. Bb2 Rac8 14. c4 d4 15. c5
bxc5 16. bxc5 Be7 17. a4 Qe6 18. Rec1 Rb8 19. Ba3 Bc6 20. Nc4 h6 21. Na5 Qd7
22. Nxc6 Qxc6 23. Rab1 Nd7 24. Rxb8 Rxb8 25. h4 Kh7 26. Qc4 Kg8 27. Bd1 Ngf8
28. a5 Qb5 29. Ba4 Qxa5 30. Kg2 Bxc5 31. Bxc5 Nxc5 32. Qxc5 Qxa4 33. Qxc7 Qe8
34. Ra1 Ra8 35. Nxe5 Ne6 36. Qd7 Nc5 37. Qd5 Ne6 38. Nc6 Rc8 39. Nxa7 Rc3 40.
Nb5 Rxd3 41. Ra8 1-0

[Event "First Saturday 2010 julius FM-A"]
[Site "Budapest"]
[Date "2010.07.03"]
[Round "1"]
[White "Somogyi, Gabor"]
[Black "Gruz, Janos"]
[Result "1/2-1/2"]
[WhiteElo "1940"]
[BlackElo "1933"]
[PlyCount "26"]
[EventDate "2010.07.03"]

1. e4 c5 2. Nf3 d6 3. d4 cxd4 4. Nxd4 Nf6 5. Nc3 a6 6. Bg5 e6 7. f4 Nc6 8. Qd2
Qb6 9. O-O-O Nxd4 10. Qxd4 Qxd4 11. Rxd4 Bd7 12. Be2 Bc6 13. Bf3 Nd7 1/2-1/2

[Event "First Saturday 2010 julius FM-A"]
[Site "Budapest"]
[Date "2010.07.03"]
[Round "1"]
[White "Gal, Janos"]
[Black "Koczo, Kristof"]
[Result "0-1"]
[WhiteElo "1965"]
[BlackElo "2198"]
[PlyCount "86"]
[EventDate "2010.07.03"]

1. e4 c6 2. f4 d5 3. exd5 cxd5 4. Bb5+ Bd7 5. Qe2 Bxb5 6. Qxb5+ Qd7 7. Nc3 e6
8. Nf3 a6 9. Qb6 Nc6 10. O-O Bd6 11. d3 Nf6 12. Na4 Nb4 13. Nc5 Qc6 14. Qxc6+
bxc6 15. Nb7 Bc7 16. Bd2 Bb6+ 17. Kh1 c5 18. a3 Nxc2 19. Rac1 Nd4 20. Nxd4 cxd4
21. Rc6 Nd7 22. Bb4 a5 23. Bd6 f5 24. Bc7 Bxc7 25. Rxc7 Ke7 26. Rfc1 Ra7 27.
R1c6 Rb8 28. Rb6 Rc8 29. Rxc8 Nxb6 30. Rc7+ Kf6 31. b3 a4 32. b4 Nc4 33. Kg1
Nxa3 34. Nd6 Rxc7 35. Ne8+ Kf7 36. Nxc7 Nc2 37. Na6 a3 38. Nc5 a2 39. Nb3 a1=Q+
40. Nxa1 Nxa1 41. Kf2 Ke7 42. h4 Kd6 43. Kf3 Nc2 0-1

[Event "First Saturday 2010 julius FM-A"]
[Site "Budapest"]
[Date "2010.07.03"]
[Round "1"]
[White "Tran, Minh Thang"]
[Black "Zala, Gyula"]
[Result "1-0"]
[WhiteElo "2032"]
[BlackElo "2067"]
[PlyCount "103"]
[EventDate "2010.07.03"]

1. d4 g6 2. c4 Bg7 3. Nf3 c5 4. d5 d6 5. e4 Nf6 6. Nc3 b5 7. cxb5 a6 8. Qc2 O-O
9. Bc4 axb5 10. Nxb5 Nbd7 11. Bd2 Ng4 12. Bc3 Nge5 13. Nxe5 Nxe5 14. Be2 g5 15.
Qd2 f5 16. Qxg5 Kh8 17. f4 Bf6 18. Qh5 Ng6 19. O-O fxe4 20. f5 Ne5 21. Rf4 Bd7
22. Bxe5 dxe5 23. Rxe4 Rg8 24. Nc3 Rg5 25. Qf3 Qb6 26. Qe3 Rag8 27. g3 Bxf5 28.
b3 R5g7 29. Rc4 e4 30. Rd1 Be5 31. Nxe4 Bxe4 32. Rxe4 Rxg3+ 33. hxg3 Rxg3+ 34.
Qxg3 Bxg3 35. Kg2 Bd6 36. Rg4 Qb7 37. Kf2 Be5 38. Bc4 Qc8 39. Re4 Qf5+ 40. Ke3
Qh3+ 41. Ke2 Qg2+ 42. Ke3 Bf6 43. Re6 Bg5+ 44. Kd3 Qxa2 45. d6 Qb2 46. d7 Qd4+
47. Kc2 Qf2+ 48. Re2 Qf5+ 49. Kb2 e5 50. d8=Q+ Bxd8 51. Rxd8+ Kg7 52. Rg8+ 1-0

[Event "First Saturday 2010 julius FM-A"]
[Site "Budapest"]
[Date "2010.07.03"]
[Round "1"]
[White "Szerenyi, Bence"]
[Black "Agu, Uche"]
[Result "0-1"]
[WhiteElo "1975"]
[BlackElo "2029"]
[PlyCount "104"]
[EventDate "2010.07.03"]

1. e4 d6 2. d4 Nd7 3. Nc3 c6 4. Be3 Ngf6 5. Be2 e5 6. dxe5 dxe5 7. a3 Be7 8.
Qd2 O-O 9. f3 Qc7 10. O-O-O b5 11. g4 a5 12. Nb1 b4 13. a4 Nb6 14. Bxb6 Qxb6
15. Bd3 Be6 16. Ne2 Nd7 17. Ng3 Nc5 18. Nf5 Bd8 19. Rdg1 Nxa4 20. g5 Bxf5 21.
exf5 Qd4 22. c3 bxc3 23. bxc3 Qc5 24. Rg4 Nb6 25. h4 Nd5 26. Re4 Nf4 27. Bc4
Kh8 28. g6 fxg6 29. fxg6 Nxg6 30. h5 Nf4 31. h6 g6 32. Rd1 Bf6 33. Qa2 Rad8 34.
Nd2 Nd3+ 35. Kc2 Nf2 36. Nb3 Qb6 37. Rxd8 Rxd8 38. Re2 Ra8 39. Qa3 a4 40. Nc1
Rb8 41. Ba2 Nh3 42. Nd3 Ng1 43. Qd6 Qd8 44. Nxe5 Qxd6 45. Nf7+ Kg8 46. Nxd6+
Kf8 47. Rg2 Nxf3 48. Rf2 Ne1+ 49. Kd2 Ke7 50. Nc4 Rd8+ 51. Kxe1 Bh4 52. Bb1 Rf8
0-1

[Event "First Saturday 2010 julius FM-A"]
[Site "Budapest"]
[Date "2010.07.04"]
[Round "2"]
[White "Borda, Lajos"]
[Black "Agu, Uche"]
[Result "1-0"]
[WhiteElo "2085"]
[BlackElo "2029"]
[PlyCount "119"]
[EventDate "2010.07.03"]

1. d4 d6 2. c4 Nd7 3. Nc3 c6 4. e4 e5 5. Nf3 Ngf6 6. Be2 Be7 7. O-O O-O 8. h3
Re8 9. Qc2 b6 10. Be3 Bb7 11. Rfd1 Qc7 12. Rac1 Rac8 13. Qb1 Nf8 14. b4 Ng6 15.
Bf1 Bf8 16. dxe5 dxe5 17. c5 b5 18. a4 a6 19. axb5 axb5 20. Rc2 Ra8 21. Ra2
Rxa2 22. Qxa2 Ra8 23. Qc2 Bc8 24. Nd2 Be6 25. Nb3 Bxb3 26. Qxb3 Qa7 27. Bc1 Ne8
28. Bb2 Qe7 29. g3 Qf6 30. Ne2 Nc7 31. f4 h5 32. f5 Nh8 33. Qc3 Re8 34. Rd7 Na6
35. Ra7 Nb8 36. Qf3 g6 37. Nf4 Bg7 38. h4 Qd8 39. Nd3 gxf5 40. Qxf5 Re6 41.
Nxe5 Rf6 42. Qxh5 Qd2 43. Qe2 Qxb4 44. Nd3 Qc4 45. Ra8 Rg6 46. Rxb8+ Kh7 47.
Qh5+ Rh6 48. Qf5+ Ng6 49. Bxg7 Kxg7 50. h5 Qd4+ 51. Kg2 Nh8 52. Qg5+ Ng6 53.
Qf5 Ne7 54. Qg4+ Kh7 55. Re8 Re6 56. Nf4 Qxe4+ 57. Kh2 Qc2+ 58. Kh3 Qxc5 59.
Bd3+ f5 60. Nxe6 1-0

[Event "First Saturday 2010 julius FM-A"]
[Site "Budapest"]
[Date "2010.07.04"]
[Round "2"]
[White "Zala, Gyula"]
[Black "Szerenyi, Bence"]
[Result "1-0"]
[WhiteElo "2067"]
[BlackElo "1975"]
[PlyCount "61"]
[EventDate "2010.07.03"]

1. e4 d5 2. exd5 Qxd5 3. Nf3 Nf6 4. Be2 a6 5. c4 Qd8 6. d4 e6 7. Nc3 b6 8. O-O
Bb7 9. Be3 Nbd7 10. a3 Be7 11. b4 Ne4 12. Nxe4 Bxe4 13. Nd2 Bb7 14. f4 O-O 15.
Bd3 c5 16. Nf3 Bxf3 17. Qxf3 Bf6 18. Rad1 cxd4 19. Bd2 g6 20. g4 Bg7 21. g5 Re8
22. Rde1 Ra7 23. h4 Nb8 24. Re2 Qc8 25. Rfe1 Nc6 26. h5 Ne7 27. Qh3 e5 28. Qxc8
Rxc8 29. h6 Bf8 30. fxe5 Nf5 31. e6 1-0

[Event "First Saturday 2010 julius FM-A"]
[Site "Budapest"]
[Date "2010.07.04"]
[Round "2"]
[White "Koczo, Kristof"]
[Black "Tran, Minh Thang"]
[Result "1-0"]
[WhiteElo "2198"]
[BlackElo "2032"]
[PlyCount "89"]
[EventDate "2010.07.03"]

1. d4 d5 2. Bf4 e6 3. e3 Bd6 4. Bxd6 Qxd6 5. c4 Qb4+ 6. Qd2 Qxd2+ 7. Nxd2 Nf6
8. Rc1 c6 9. Ngf3 O-O 10. Bd3 Nbd7 11. Ke2 Re8 12. Ne5 Nxe5 13. dxe5 Nd7 14. f4
f6 15. exf6 gxf6 16. cxd5 exd5 17. g4 Nf8 18. Rcg1 Ne6 19. Kf3 Bd7 20. h4 c5
21. g5 d4 22. gxf6+ Kf7 23. f5 Nf8 24. Ne4 Bxf5 25. Nd6+ Kxf6 26. Nxf5 c4 27.
Bb1 dxe3 28. Nxe3 Rac8 29. Rg5 Ne6 30. Nd5+ Kf7 31. Rf5+ Kg7 32. Rg1+ Kh8 33.
Rf7 Rf8 34. Rxf8+ Rxf8+ 35. Ke3 a6 36. Be4 b5 37. Bf3 a5 38. Rg4 Nc5 39. Nc7
Nd3 40. Nxb5 Ne5 41. Rf4 Rb8 42. a4 Nd3 43. Rxc4 Nxb2 44. Rg4 Nxa4 45. Nd6 1-0

[Event "First Saturday 2010 julius FM-A"]
[Site "Budapest"]
[Date "2010.07.04"]
[Round "2"]
[White "Gruz, Janos"]
[Black "Gal, Janos"]
[Result "1-0"]
[WhiteElo "1933"]
[BlackElo "1965"]
[PlyCount "111"]
[EventDate "2010.07.03"]

1. Nf3 Nf6 2. g3 d5 3. Bg2 Nc6 4. d4 g6 5. O-O Bg7 6. Nbd2 Ne4 7. c3 O-O 8.
Nxe4 dxe4 9. Ng5 e5 10. dxe5 Qxd1 11. Rxd1 Bg4 12. Kf1 Rad8 13. Be3 Nxe5 14.
Bd4 Nc4 15. b3 Bxd4 16. cxd4 Na3 17. h3 Bc8 18. Nxe4 c6 19. Rac1 Kg7 20. e3
Rfe8 21. Nc3 Rd6 22. d5 cxd5 23. Rxd5 Rxd5 24. Nxd5 Nb5 25. Nc7 Nxc7 26. Rxc7
a6 27. Ke1 Rd8 28. Bxb7 Bxh3 29. Bxa6 Ra8 30. Rc6 Bg2 31. Rd6 Rb8 32. Bc4 Rb7
33. a4 Kf8 34. Ke2 Ke7 35. Rd4 Bc6 36. Kd3 f5 37. Kc3 h5 38. a5 Rc7 39. f4 Bd7
40. Rd5 Bc8 41. b4 Ra7 42. Rc5 Kd7 43. Be6+ Kxe6 44. Rxc8 Kd5 45. Rc4 Re7 46.
Rd4+ Kc6 47. Rd3 Kb5 48. Kb3 Re4 49. Rd5+ Kc6 50. Rc5+ Kd6 51. Rc3 g5 52. fxg5
Rg4 53. a6 Rxg5 54. b5 Rxg3 55. a7 Rg8 56. b6 1-0

[Event "First Saturday 2010 julius FM-A"]
[Site "Budapest"]
[Date "2010.07.04"]
[Round "2"]
[White "Kis, Bela"]
[Black "Somogyi, Gabor"]
[Result "1/2-1/2"]
[WhiteElo "2087"]
[BlackElo "1940"]
[PlyCount "56"]
[EventDate "2010.07.03"]

1. e4 e6 2. d3 d5 3. Nd2 Nc6 4. Ngf3 dxe4 5. dxe4 Nf6 6. g3 Bc5 7. Bg2 O-O 8.
O-O e5 9. h3 b6 10. Qe2 a5 11. Nc4 Ba6 12. Bg5 Qe7 13. c3 Qe6 14. b3 h6 15.
Bxf6 Bxc4 16. bxc4 Qxf6 17. Rad1 Ne7 18. Ne1 Qe6 19. Kh2 Rad8 20. Nc2 Rd6 21.
f4 Rfd8 22. Rxd6 Rxd6 23. Ne1 Nc6 24. Nf3 f6 25. h4 Qe8 26. Bh3 Qd8 27. Rc1 Kh8
28. Rc2 Rd1 1/2-1/2

[Event "First Saturday 2010 julius FM-A"]
[Site "Budapest"]
[Date "2010.07.04"]
[Round "2"]
[White "Mayer, Istvan"]
[Black "Kalmar, Karoly"]
[Result "1-0"]
[WhiteElo "2120"]
[BlackElo "1993"]
[PlyCount "78"]
[EventDate "2010.07.03"]

1. e4 c6 2. c4 d5 3. exd5 cxd5 4. cxd5 Nf6 5. Bb5+ Nbd7 6. Nc3 g6 7. Nf3 Bg7 8.
Ne5 O-O 9. Nxd7 Bxd7 10. Qb3 a6 11. Be2 Qc7 12. O-O Rad8 13. d3 Bg4 14. Re1
Bxe2 15. Rxe2 Rd7 16. Bg5 h6 17. Bh4 Qc5 18. Qc4 Rc8 19. Qa4 g5 20. Bg3 Rcd8
21. d4 Qc8 22. Rae1 b5 23. Qb3 Qb7 24. d6 exd6 25. h4 d5 26. hxg5 hxg5 27. Re5
Nh7 28. Re8+ Rxe8 29. Rxe8+ Nf8 30. Be5 Bxe5 31. Rxe5 Ne6 32. Nxd5 Kg7 33. Qf3
Qc6 34. Qf6+ Kh7 35. Re3 g4 36. Qh4+ Kg7 37. Qxg4+ Kf8 38. Nf6 Rxd4 39. Nh7+
Ke7 1-0

[Event "First Saturday 2010 julius FM-A"]
[Site "Budapest"]
[Date "2010.07.05"]
[Round "3"]
[White "Kalmar, Karoly"]
[Black "Borda, Lajos"]
[Result "0-1"]
[WhiteElo "1993"]
[BlackElo "2085"]
[PlyCount "94"]
[EventDate "2010.07.03"]

1. e4 c5 2. c3 d5 3. exd5 Qxd5 4. d4 Nf6 5. Nf3 e6 6. Be2 Bd6 7. O-O O-O 8. c4
Qc6 9. Nc3 a6 10. dxc5 Bxc5 11. Ne5 Qc7 12. Nf3 b6 13. Bg5 Nbd7 14. Qc2 Bb7 15.
Rad1 Rac8 16. Nd2 Bd6 17. h3 Bf4 18. Bxf4 Qxf4 19. Qd3 Rfd8 20. Qe3 Qxe3 21.
fxe3 Ne5 22. Nf3 Nxf3+ 23. gxf3 Bc6 24. Kf2 Kf8 25. Rg1 g6 26. e4 h6 27. Ke3 e5
28. Nd5 Bxd5 29. cxd5 b5 30. Rc1 Nh5 31. Rgd1 Nf4 32. Bf1 Ke7 33. a4 bxa4 34.
Bxa6 Rb8 35. Rd2 Rb3+ 36. Rc3 Rdb8 37. Rdc2 R8b6 38. Bf1 Rxb2 39. Kd2 R6b4 40.
Rxb2 Rxb2+ 41. Rc2 Rb4 42. Rc3 f5 43. Bd3 Rd4 44. Ke3 Nxd3 45. Rxd3 Rxd3+ 46.
Kxd3 fxe4+ 47. fxe4 g5 0-1

[Event "First Saturday 2010 julius FM-A"]
[Site "Budapest"]
[Date "2010.07.05"]
[Round "3"]
[White "Somogyi, Gabor"]
[Black "Mayer, Istvan"]
[Result "1/2-1/2"]
[WhiteElo "1940"]
[BlackElo "2120"]
[PlyCount "25"]
[EventDate "2010.07.03"]

1. d4 d5 2. Nf3 Nf6 3. c4 dxc4 4. e3 a6 5. a4 c5 6. Bxc4 Nc6 7. O-O e6 8. Nc3
Be7 9. Qe2 Qc7 10. dxc5 Bxc5 11. Rd1 O-O 12. h3 e5 13. e4 1/2-1/2

[Event "First Saturday 2010 julius FM-A"]
[Site "Budapest"]
[Date "2010.07.05"]
[Round "3"]
[White "Gal, Janos"]
[Black "Kis, Bela"]
[Result "0-1"]
[WhiteElo "1965"]
[BlackElo "2087"]
[PlyCount "70"]
[EventDate "2010.07.03"]

1. e4 d6 2. d4 Nf6 3. Nc3 g6 4. f4 Bg7 5. h3 O-O 6. Be3 b6 7. Be2 Bb7 8. Bf3 e5
9. Qd2 exd4 10. Bxd4 Nc6 11. Be3 Re8 12. O-O-O Na5 13. Qd3 Qe7 14. e5 dxe5 15.
Bxb7 Nxb7 16. f5 Rad8 17. Qa6 Rxd1+ 18. Nxd1 Nc5 19. Qc4 gxf5 20. Nf3 f4 21.
Bxc5 Qxc5 22. Qxc5 bxc5 23. Re1 e4 24. Nh4 Re5 25. Nc3 Rh5 26. g3 fxg3 27. Ng2
Bh6+ 28. Kb1 Rxh3 29. Nb5 Rh2 30. Rg1 e3 31. a4 e2 32. Ne1 Ne4 33. Nxa7 Be3 34.
Rg2 Bf2 35. Rxg3+ Bxg3 0-1

[Event "First Saturday 2010 julius FM-A"]
[Site "Budapest"]
[Date "2010.07.05"]
[Round "3"]
[White "Tran, Minh Thang"]
[Black "Gruz, Janos"]
[Result "1-0"]
[WhiteElo "2032"]
[BlackElo "1933"]
[PlyCount "61"]
[EventDate "2010.07.03"]

1. d4 d5 2. Bf4 e6 3. e3 Bd6 4. Bg3 c6 5. c4 f5 6. Bxd6 Qxd6 7. Nc3 Nf6 8. a3
a5 9. c5 Qc7 10. b4 axb4 11. axb4 Rxa1 12. Qxa1 Nbd7 13. b5 e5 14. Bd3 Ne4 15.
Nf3 Nxc3 16. Qxc3 e4 17. Ng5 Nf6 18. Be2 O-O 19. O-O cxb5 20. Qb3 f4 21. Nxe4
Be6 22. Ng5 Bd7 23. e4 h6 24. exd5 Qc8 25. d6+ Kh8 26. Nf7+ Kh7 27. Bd3+ Bf5
28. Qc2 Bxd3 29. Qxd3+ Kg8 30. Ne5 Qe6 31. Qxb5 1-0

[Event "First Saturday 2010 julius FM-A"]
[Site "Budapest"]
[Date "2010.07.05"]
[Round "3"]
[White "Szerenyi, Bence"]
[Black "Koczo, Kristof"]
[Result "1/2-1/2"]
[WhiteElo "1975"]
[BlackElo "2198"]
[PlyCount "101"]
[EventDate "2010.07.03"]

1. e4 c6 2. Nc3 d5 3. Nf3 Bg4 4. h3 Bh5 5. g4 Bg6 6. exd5 cxd5 7. Ne5 Nc6 8.
Bb5 Rc8 9. d4 e6 10. h4 f6 11. Nxg6 hxg6 12. Qd3 Kf7 13. Bxc6 Rxc6 14. Bd2 Bb4
15. O-O-O Qa5 16. Qb5 Bxc3 17. Qxa5 Bxa5 18. Bxa5 Nh6 19. f3 Rhc8 20. Rh2 Ra6
21. Be1 Rxa2 22. Kb1 Ra6 23. Bg3 Rac6 24. Rg2 b5 25. Be1 Ra8 26. Bb4 a5 27. Bc5
Ng8 28. f4 Nh6 29. Rd3 f5 30. g5 Ng4 31. Rb3 Rb8 32. Rg1 Nf2 33. Ra3 a4 34. b3
Ne4 35. Bb4 Rcc8 36. Kb2 axb3 37. Ra7+ Kg8 38. Kxb3 Rc4 39. c3 Rbc8 40. Rga1
Nxc3 41. R1a6 Ne2 42. Bc5 Nxf4 43. Rb6 e5 44. Rbb7 Ne6 45. Re7 Nxc5+ 46. dxc5
Rxh4 47. Rxg7+ Kh8 48. Rgd7 e4 49. c6 e3 50. Re7 d4 51. Rad7 1/2-1/2

[Event "First Saturday 2010 julius FM-A"]
[Site "Budapest"]
[Date "2010.07.05"]
[Round "3"]
[White "Agu, Uche"]
[Black "Zala, Gyula"]
[Result "1-0"]
[WhiteElo "2029"]
[BlackElo "2067"]
[PlyCount "47"]
[EventDate "2010.07.03"]

1. e4 e5 2. Nf3 d5 3. exd5 e4 4. Nd4 Qxd5 5. Nb5 Qd8 6. N1c3 c6 7. Na3 Bf5 8.
d4 Bd6 9. Nc4 Bc7 10. Be2 Nf6 11. Bg5 h6 12. Bh4 Bf4 13. a4 Nbd7 14. d5 O-O 15.
dxc6 bxc6 16. O-O Qc7 17. Bg3 Bxg3 18. hxg3 Rad8 19. Qd6 Qxd6 20. Nxd6 Bh7 21.
Rfd1 Nb6 22. Nb7 Rb8 23. Na5 Rbc8 24. b3 {after 30 move} 1-0

[Event "First Saturday 2010 julius FM-A"]
[Site "Budapest"]
[Date "2010.07.06"]
[Round "4"]
[White "Borda, Lajos"]
[Black "Zala, Gyula"]
[Result "1-0"]
[WhiteElo "2085"]
[BlackElo "2067"]
[PlyCount "89"]
[EventDate "2010.07.03"]

1. e4 e5 2. Bc4 d5 3. Bxd5 Nf6 4. Nc3 Nxd5 5. Nxd5 Bd6 6. Ne3 g6 7. d3 O-O 8.
Nc4 Nc6 9. Bh6 Re8 10. Qd2 Bc5 11. Bg5 f6 12. Be3 Bf8 13. Ne2 Be6 14. O-O Qd7
15. b3 b5 16. Nb2 Rad8 17. a4 b4 18. a5 f5 19. f3 f4 20. Bf2 g5 21. Na4 g4 22.
Nc5 Bxc5 23. Bxc5 Qg7 24. fxg4 Bxg4 25. Kh1 Kh8 26. Ng1 Re6 27. Nf3 Rg8 28.
Rae1 Rg6 29. Re2 Nd4 30. Bxd4 exd4 31. Qxf4 Rf8 32. Qc1 Rgf6 33. Ref2 Rf4 34.
Qd2 Qf6 35. Kg1 c5 36. Ne1 Rxf2 37. Qxf2 Qxf2+ 38. Rxf2 Rxf2 39. Kxf2 Bd1 40.
Kg3 Kg7 41. Kf4 Kf6 42. g4 Ke6 43. h4 c4 44. dxc4 d3 45. Nxd3 1-0

[Event "First Saturday 2010 julius FM-A"]
[Site "Budapest"]
[Date "2010.07.06"]
[Round "4"]
[White "Koczo, Kristof"]
[Black "Agu, Uche"]
[Result "0-1"]
[WhiteElo "2198"]
[BlackElo "2029"]
[PlyCount "56"]
[EventDate "2010.07.03"]

1. d4 d6 2. e4 Nd7 3. c4 e5 4. d5 c6 5. Nc3 Ngf6 6. Bd3 Be7 7. f4 Qb6 8. Na4
Qc7 9. Nf3 cxd5 10. cxd5 O-O 11. O-O a6 12. Kh1 b5 13. Nc3 Nc5 14. b4 Nxd3 15.
Qxd3 Nh5 16. f5 Bb7 17. g4 Nf4 18. Bxf4 exf4 19. Rac1 Qb6 20. g5 a5 21. Rb1
axb4 22. Rxb4 Ra3 23. Rc1 Rc8 24. Qxb5 Qe3 25. Rf1 Ba6 26. Qd7 Raxc3 27. g6
Bxf1 28. gxf7+ Kf8 0-1

[Event "First Saturday 2010 julius FM-A"]
[Site "Budapest"]
[Date "2010.07.06"]
[Round "4"]
[White "Gruz, Janos"]
[Black "Szerenyi, Bence"]
[Result "1/2-1/2"]
[WhiteElo "1933"]
[BlackElo "1975"]
[PlyCount "65"]
[EventDate "2010.07.03"]

1. Nf3 c5 2. g3 d5 3. Bg2 Nc6 4. d4 cxd4 5. Nxd4 Nf6 6. O-O e5 7. Nxc6 bxc6 8.
c4 Be6 9. Bg5 Rc8 10. cxd5 cxd5 11. Bxf6 gxf6 12. e3 f5 13. Nc3 e4 14. Qd4 Rg8
15. Qxa7 Bc5 16. Qa4+ Kf8 17. Rad1 h5 18. Ne2 h4 19. Nd4 f4 20. exf4 Bd7 21.
Qa6 Rg6 22. Qe2 Bg4 23. f3 Qb6 24. Qd2 exf3 25. Bxf3 hxg3 26. Bxg4 Rxg4 27. h3
Rg8 28. Kg2 Bxd4 29. Qxd4 Rc2+ 30. Kf3 Qb5 31. Qe5 Qb6 32. Qd4 Qb5 33. Qe5
1/2-1/2

[Event "First Saturday 2010 julius FM-A"]
[Site "Budapest"]
[Date "2010.07.06"]
[Round "4"]
[White "Kis, Bela"]
[Black "Tran, Minh Thang"]
[Result "1-0"]
[WhiteElo "2087"]
[BlackElo "2032"]
[PlyCount "47"]
[EventDate "2010.07.03"]

1. e4 c5 2. d4 cxd4 3. c3 dxc3 4. Nxc3 Nc6 5. Nf3 d6 6. Bc4 e6 7. O-O Nf6 8.
Qe2 Be7 9. Rd1 e5 10. h3 O-O 11. b3 a6 12. a4 Qa5 13. Nd5 Nxd5 14. Bxd5 Nb4 15.
Bd2 Qb6 16. a5 Qc5 17. Rdc1 Nc2 18. Be3 Qxd5 19. exd5 Nxa1 20. Rxa1 Bd7 21. Rc1
Rac8 22. Qd2 f5 23. Qb4 f4 24. Qxb7 1-0

[Event "First Saturday 2010 julius FM-A"]
[Site "Budapest"]
[Date "2010.07.06"]
[Round "4"]
[White "Mayer, Istvan"]
[Black "Gal, Janos"]
[Result "1-0"]
[WhiteElo "2120"]
[BlackElo "1965"]
[PlyCount "59"]
[EventDate "2010.07.03"]

1. e4 d6 2. d4 g6 3. f4 Bg7 4. Nf3 Bg4 5. c3 Nf6 6. e5 dxe5 7. fxe5 Nd5 8. h3
Bxf3 9. Qxf3 O-O 10. Bc4 Nb6 11. Bb3 Nc6 12. O-O e6 13. Nd2 Na5 14. Ne4 Nxb3
15. axb3 Nd5 16. Bg5 Qd7 17. Rad1 h6 18. Bf6 Bxf6 19. exf6 b6 20. Nf2 Kh7 21.
Nd3 a5 22. h4 Qd6 23. Ne5 c5 24. h5 cxd4 25. Qe4 Rg8 26. Nxf7 Qg3 27. Rf3 Qc7
28. Ne5 Kh8 29. hxg6 Rgc8 30. Nf7+ 1-0

[Event "First Saturday 2010 julius FM-A"]
[Site "Budapest"]
[Date "2010.07.07"]
[Round "5"]
[White "Somogyi, Gabor"]
[Black "Borda, Lajos"]
[Result "1/2-1/2"]
[WhiteElo "1940"]
[BlackElo "2085"]
[PlyCount "32"]
[EventDate "2010.07.03"]

1. e4 c5 2. Nf3 a6 3. c3 Nf6 4. e5 Nd5 5. d4 cxd4 6. cxd4 d6 7. Nc3 Nxc3 8.
bxc3 Nc6 9. exd6 e6 10. Bd3 Bxd6 11. O-O Qc7 12. Bd2 Ne7 13. Re1 Ng6 14. c4 Bd7
15. Qb3 O-O 16. Bb4 Bc6 1/2-1/2

[Event "First Saturday 2010 julius FM-A"]
[Site "Budapest"]
[Date "2010.07.07"]
[Round "5"]
[White "Tran, Minh Thang"]
[Black "Mayer, Istvan"]
[Result "1-0"]
[WhiteElo "2032"]
[BlackElo "2120"]
[PlyCount "77"]
[EventDate "2010.07.03"]

1. d4 Nf6 2. Bf4 c5 3. d5 Qb6 4. Nc3 Qxb2 5. Bd2 Qb6 6. e4 d6 7. f4 e6 8. Bb5+
Bd7 9. Rb1 Qc7 10. Qe2 a6 11. Bxd7+ Nbxd7 12. dxe6 fxe6 13. Qc4 O-O-O 14. Nf3
d5 15. Qe2 dxe4 16. Ng5 Re8 17. O-O h6 18. Ngxe4 Nxe4 19. Qxe4 Nf6 20. Qf3 Bd6
21. a4 g5 22. Ne4 Nxe4 23. Qxe4 h5 24. Ba5 Qg7 25. Bc3 e5 26. Qd5 Qc7 27. Rfd1
Rd8 28. Ba5 Qe7 29. Bxd8 Rxd8 30. fxe5 Bxe5 31. Qxd8+ Qxd8 32. Rxd8+ Kxd8 33.
Rxb7 Bc7 34. c4 h4 35. h3 Kd7 36. Kf2 Kc6 37. Rb3 Kd6 38. Rd3+ Kc6 39. Kf3 1-0

[Event "First Saturday 2010 julius FM-A"]
[Site "Budapest"]
[Date "2010.07.07"]
[Round "5"]
[White "Szerenyi, Bence"]
[Black "Kis, Bela"]
[Result "1-0"]
[WhiteElo "1975"]
[BlackElo "2087"]
[PlyCount "79"]
[EventDate "2010.07.03"]

1. d4 Nf6 2. Bg5 Ne4 3. Bf4 c5 4. f3 Qa5+ 5. c3 Nf6 6. e4 cxd4 7. b4 Qb6 8.
Bxb8 Rxb8 9. Qxd4 Qxd4 10. cxd4 e5 11. dxe5 Bxb4+ 12. Kd1 Nh5 13. Ne2 g6 14. a3
Bc5 15. Nbc3 d6 16. Na4 Be3 17. exd6 Be6 18. Kc2 b5 19. Nac3 a5 20. Kd3 Bc5 21.
e5 f5 22. g4 fxg4 23. Ne4 Rc8 24. fxg4 Bxg4 25. Rc1 Bxa3 26. Rxc8+ Bxc8 27. Nd4
Bb2 28. Ke3 b4 29. Bb5+ Kf7 30. Ng5+ Kg7 31. Nde6+ Bxe6 32. Nxe6+ Kf7 33. Ng5+
Kg7 34. e6 Bf6 35. Ne4 b3 36. e7 Kf7 37. Rf1 b2 38. Ng5+ Kg7 39. Ne6+ Kh6 40.
e8=Q 1-0

[Event "First Saturday 2010 julius FM-A"]
[Site "Budapest"]
[Date "2010.07.07"]
[Round "5"]
[White "Agu, Uche"]
[Black "Gruz, Janos"]
[Result "1/2-1/2"]
[WhiteElo "2029"]
[BlackElo "1933"]
[PlyCount "75"]
[EventDate "2010.07.03"]

1. e4 c5 2. c3 d6 3. d4 cxd4 4. cxd4 Nf6 5. Nc3 g6 6. Nf3 Bg7 7. Be2 O-O 8. O-O
Nc6 9. h3 Bd7 10. Be3 b6 11. Rc1 Rc8 12. Ba6 Rb8 13. a3 Bc8 14. Bd3 Bb7 15. d5
Ne5 16. Nxe5 dxe5 17. Qa4 a6 18. Qb4 Nd7 19. Na4 b5 20. Nc5 Nxc5 21. Qxc5 Qd6
22. Qa7 Qd7 23. Rc3 Rfc8 24. Rfc1 Ra8 25. Qb6 Rxc3 26. Rxc3 Rc8 27. Bc5 Bf8 28.
Qa5 Kg7 29. Qb4 Kg8 30. Qb3 Rc7 31. Qc2 Rc8 32. Be2 e6 33. dxe6 fxe6 34. b4
Bxc5 35. bxc5 Qc6 36. Qb3 Rd8 37. Bg4 Bc8 38. Qc2 {after 10 move} 1/2-1/2

[Event "First Saturday 2010 julius FM-A"]
[Site "Budapest"]
[Date "2010.07.07"]
[Round "5"]
[White "Zala, Gyula"]
[Black "Koczo, Kristof"]
[Result "1/2-1/2"]
[WhiteElo "2067"]
[BlackElo "2198"]
[PlyCount "33"]
[EventDate "2010.07.03"]

1. e4 c6 2. d4 d5 3. Bd3 dxe4 4. Bxe4 Nf6 5. Bf3 Bf5 6. Nc3 e6 7. g4 Bg6 8. h4
h5 9. g5 Nd5 10. Ne4 Bxe4 11. Bxe4 g6 12. c3 Bg7 13. Nf3 O-O 14. Ne5 Bxe5 15.
dxe5 Ne7 16. Be3 Nd7 17. f4 1/2-1/2

[Event "First Saturday 2010 julius FM-A"]
[Site "Budapest"]
[Date "2010.07.08"]
[Round "6"]
[White "Borda, Lajos"]
[Black "Koczo, Kristof"]
[Result "0-1"]
[WhiteElo "2085"]
[BlackElo "2198"]
[PlyCount "84"]
[EventDate "2010.07.03"]

1. e4 c6 2. d4 d5 3. f3 b6 4. Be3 Ba6 5. Bxa6 Nxa6 6. Qe2 Nc7 7. Nd2 e6 8. Qf2
Nf6 9. e5 Nd7 10. f4 g6 11. Ngf3 Be7 12. O-O a5 13. g4 h5 14. f5 hxg4 15. fxg6
gxf3 16. gxf7+ Kf8 17. Qxf3 Bg5 18. Rf2 Bxe3 19. Qxe3 Qh4 20. Raf1 Ke7 21. Kh1
Raf8 22. Nf3 Qh5 23. Ng5 Rh6 24. Rg2 Rg6 25. Rf3 Rh8 26. Rh3 Qd1+ 27. Rg1 Rxh3
28. Qxh3 Qxd4 29. f8=Q+ Nxf8 30. Qf3 Qxg1+ 31. Kxg1 Rxg5+ 32. Kh1 Rxe5 33. Qg3
Nd7 34. h4 Ne8 35. Kh2 Nef6 36. Qd3 Re4 37. Qg3 Ng4+ 38. Kg2 Nde5 39. h5 Re2+
40. Kf1 Rf2+ 41. Ke1 Nf3+ 42. Kd1 Ne3+ 0-1

[Event "First Saturday 2010 julius FM-A"]
[Site "Budapest"]
[Date "2010.07.08"]
[Round "6"]
[White "Gruz, Janos"]
[Black "Zala, Gyula"]
[Result "0-1"]
[WhiteElo "1933"]
[BlackElo "2067"]
[PlyCount "48"]
[EventDate "2010.07.03"]

1. Nf3 f5 2. d3 d5 3. c3 Nf6 4. Nbd2 e6 5. Qc2 Bc5 6. h3 O-O 7. b4 Bb6 8. e3
Nbd7 9. c4 c6 10. Bb2 Bc7 11. Rc1 Re8 12. cxd5 exd5 13. Be2 Qe7 14. O-O Qd6 15.
b5 c5 16. Nb3 b6 17. Rfd1 Bb7 18. d4 c4 19. Bxc4 dxc4 20. Qxc4+ Nd5 21. Ba3
Qxa3 22. Nc5 bxc5 23. dxc5 Qxc5 24. Qb3 Qd6 0-1